Podział administracyjny Bułgarii - Statystyki

Ogólne statystyki
  • Ten quiz został rozwiązany 5 razy
  • Średni wynik to 11 z 28
Statystyki odpowiedzi
Obwód % Poprawnych
Burgas
100%
Sofia Miasto
100%
Warna
100%
Pernik
75%
Błagojewgrad
50%
Dobricz
50%
Kyrdżali
50%
Montana
50%
Plewen
50%
Płowdiw
50%
Razgrad
50%
Ruse
50%
Silistra
50%
sofijski Obwód
50%
Stara Zagora
50%
Jamboł
25%
Kiustendił
25%
Łowecz
25%
Pazardżik
25%
Szumen
25%
Widyń
25%
Chaskowo
0%
Gabrowo
0%
Sliwen
0%
Smolan
0%
Tyrgowiszte
0%
Wielkie Tyrnowo
0%
Wraca
0%
Nie znaleziono quizów pasujących do podanych kryteriów
Rozkład punktacji
Procent ludzi z każdym wynikiem
Percentyl według liczby udzielonych odpowiedzi
Twoja historia wyników
Nie rozwiązałeś tego quizu